Normal view MARC view
  • Muhammad Iqbal

Entry Personal Name

Number of records used in: 22

001 - CONTROL NUMBER

  • control field: 4316

003 - CONTROL NUMBER IDENTIFIER

  • control field: NUST

005 - DATE AND TIME OF LATEST TRANSACTION

  • control field: 20170828120131.0

008 - FIXED-LENGTH DATA ELEMENTS

  • fixed length control field: 170828|| aca||aabn | a|a d

040 ## - CATALOGING SOURCE

  • Original cataloging agency: NUST
  • Transcribing agency: NUST

100 ## - HEADING--PERSONAL NAME

  • Personal name: Muhammad Iqbal

670 ## - SOURCE DATA FOUND

  • Source citation: Work cat.: (NUST): Daman 4313, Daman dy moti/
© 2023 Central Library, National University of Sciences and Technology. All Rights Reserved.